00329nam a2200145Ia 4500100003500000650002400035250000600059366000700065654002400072245003600096260001800132082000800150300000800158546001700166 aMohan/Krishna/ Banerjee/Meera  aCommunication Skill a2 f25 acommunication skill aDeveloping communication skills bTrinityc2009 bMOH a388 aENGLISHcTTL